[Event "Florianopolis op 3rd"]
[Site "Florianopolis"]
[Date "2017.01.20"]
[Round "1"]
[White "Barrios Chamorro, Jesus Adrian"]
[Black "Simao, Abner De Oliveira"]
[Result "0-1"]
[WhiteElo "1386"]
[BlackElo "1679"]
[PlyCount "50"]
[EventDate "2017.01.20"]
[EventType "swiss"]
[EventRounds "10"]
[EventCountry "BRA"]
[SourceTitle "CBM 176 Extra"]
[Source "ChessBase"]
[SourceDate "2017.03.02"]
[SourceVersion "1"]
[SourceVersionDate "2017.03.02"]
[SourceQuality "1"]

1. e4 e6 2. d4 d5 3. exd5 exd5 4. Bd3 Bd6 5. Nf3 Ne7 6. 0-0 0-0 7. Re1 Bf5 8. Bxf5 Nxf5 9. Nbd2 Nc6 10. Nf1 Qd7 11. Ne3 Rfe8 12. Nxf5 Qxf5 13. Rxe8+ Rxe8 14. c3 Qe4 15. Be3 a6 16. Qb1 f5 17. Qxe4 fxe4 18. Ng5 Ne7 19. Re1 Ng6 20. Nh3 h6 21. Bd2 Nh4 22. Bf4 Bxf4 23. Nxf4 c6 24. f3 Rf8 25. Ne2 exf3 0-1

[Event "Sao Paulo-C U1700 op 5th"]
[Site "Sao Paulo"]
[Date "2016.10.16"]
[Round "6.5"]
[White "Caribe Santos, Luiz Carlos"]
[Black "Simao, Abner De Oliveira"]
[Result "0-1"]
[WhiteElo "1534"]
[BlackElo "1800"]
[PlyCount "108"]
[EventDate "2016.10.13"]
[EventType "swiss"]
[EventRounds "6"]
[EventCountry "BRA"]
[SourceTitle "EXT 2022"]
[Source "ChessBase"]
[SourceDate "2021.10.06"]
[SourceVersion "1"]
[SourceVersionDate "2021.10.06"]
[SourceQuality "1"]

1. d4 d5 2. c4 e6 3. Nc3 Nf6 4. Nf3 Be7 5. cxd5 exd5 6. e3 0-0 7. Be2 Bf5 8. Qb3 b6 9. Ne5 c5 10. 0-0 c4 11. Qd1 a6 12. a4 Bb4 13. Bd2 Re8 14. b3 Bxc3 15. Bxc3 Ne4 16. Rc1 f6 17. Nf3 b5 18. Nd2 Nd6 19. Bf3 Ne4 20. Nxe4 Bxe4 21. bxc4 bxc4 22. Bxe4 Rxe4 23. Rb1 Nc6 24. Qd2 Re7 25. Rb2 Rb8 26. Rfb1 Rxb2 27. Rxb2 Qc8 28. Rb6 Rb7 29. Qb2 Rxb6 30. Qxb6 Qb8 31. a5 Qxb6 32. axb6 Kf7 33. b7 Ke6 34. Ba5 Kd7 35. Kf1 Nb8 36. Ke2 Kc6 37. Kd2 Kxb7 38. Bb4 Nd7 39. f3 f5 40. h3 Kc6 41. Kc3 Nb6 42. Ba3 Kb5 43. g4 fxg4 44. hxg4 Nd7 45. e4 dxe4 46. fxe4 Nf6 47. e5 Nd5+ 48. Kb2 Kc6 49. e6 Nc7 50. Kc3 Nb5+ 51. Kxc4 Nxa3+ 52. Kb4 Nb5 53. Kc4 Kd6 54. d5 Nc7 0-1

[Event "Sao Paulo-C U1700 op 5th"]
[Site "Sao Paulo"]
[Date "2016.10.15"]
[Round "3.12"]
[White "Simao, Abner De Oliveira"]
[Black "Zampier, Alexandre"]
[Result "1-0"]
[WhiteElo "1800"]
[BlackElo "1597"]
[PlyCount "47"]
[EventDate "2016.10.13"]
[EventType "swiss"]
[EventRounds "6"]
[EventCountry "BRA"]
[SourceTitle "EXT 2022"]
[Source "ChessBase"]
[SourceDate "2021.10.06"]
[SourceVersion "1"]
[SourceVersionDate "2021.10.06"]
[SourceQuality "1"]

1. c4 e5 2. Nc3 Nc6 3. Nf3 Nf6 4. g3 d5 5. cxd5 Nxd5 6. d3 Bb4 7. Bd2 0-0 8. Bg2 Nxc3 9. bxc3 Bc5 10. 0-0 Re8 11. Ng5 f6 12. Qb3+ Be6 13. Nxe6 Rxe6 14. Qxe6+ Kh8 15. Bxc6 bxc6 16. Qxc6 Bb6 17. Be3 Rc8 18. c4 f5 19. Qe6 f4 20. Bxb6 fxg3 21. Be3 gxh2+ 22. Kxh2 Qh4+ 23. Qh3 Qd8 24. Rg1 1-0